| 000 | 01079pam a2200361 i 4500 | ||
|---|---|---|---|
| 999 |
_c570 _d570 |
||
| 001 | 016558828 | ||
| 003 | Uk | ||
| 005 | 20190828144950.0 | ||
| 008 | 131022s2014 enk j 000 1 eng|d | ||
| 015 |
_aGBB3B0424 _2bnb |
||
| 016 | 7 |
_a016558828 _2Uk |
|
| 020 | _a9781405268004 (pbk.) : | ||
| 040 |
_aStDuBDS _beng _cStDuBDS _dUk _erda |
||
| 042 | _aukblcatcopy | ||
| 082 | 0 | 4 |
_aFIC BUX _223 |
| 100 | 1 |
_aBuxton, J. P. _q(Jamie P.), _eauthor. |
|
| 245 | 1 | 0 |
_aTemple boys / _cJamie Buxton. |
| 264 | 1 |
_aLondon : _bEgmont, _c2014. |
|
| 300 |
_a325 pages ; _c20 cm |
||
| 336 |
_atext _2rdacontent |
||
| 337 |
_aunmediated _2rdamedia |
||
| 338 |
_avolume _2rdacarrier |
||
| 500 |
_aFormerly CIP. _5Uk |
||
| 521 | 1 | _a9+. | |
| 530 | _aAlso issued online. | ||
| 650 |
_aJuvenile Fiction _vFantasy & Magic |
||
| 650 |
_aJuvenile Fiction _v Religious _xChristian _yGeneral |
||
| 650 |
_aJuvenile Fiction _vHistorical _xAncient Civilizations |
||
| 650 | _aYoung Adult Fiction | ||
| 655 | 0 | _aChildren's stories. | |
| 942 |
_2ddc _cFIC |
||